[Event "Najdorf Memorial"]
[Site "Warsaw POL"]
[Date "2021.07.11"]
[Round "2.26"]
[White "Paszewski, Mateusz"]
[Black "Murawko, Katarzyna"]
[Result "1-0"]
[WhiteElo "2280"]
[BlackElo "2046"]
[EventDate "2021.07.10"]
[PlyCount "55"]
[LiveChessVersion "1.4.8"]

1.e4 {[%clk 1:30:48]} 1...c5 {[%clk 1:30:57]} 2.Nf3 {[%clk 1:31:13]} 2...a6
{[%clk 1:31:25]} 3.c3 {[%clk 1:29:01]} 3...d5 4.exd5 {[%clk 1:28:45]} 4...Qxd5
{[%clk 1:29:19]} 5.d4 {[%clk 1:29:11]} 5...Bg4 {[%clk 1:26:13]} 6.Be2 {[%clk
1:27:03]} 6...e6 {[%clk 1:20:05]} 7.O-O {[%clk 1:20:43]} 7...Nf6 {[%clk
1:12:30]} 8.h3 {[%clk 0:55:28]} 8...Bh5 {[%clk 1:06:59]} 9.Nbd2 {[%clk 0:50:15]}
9...Nc6 {[%clk 0:58:20]} 10.dxc5 {[%clk 0:41:25]} 10...Bxc5 {[%clk 0:57:56]}
11.b4 {[%clk 0:41:38]} 11...Ba7 {[%clk 0:50:55]} 12.c4 {[%clk 0:40:38]}
12...Qd7 {[%clk 0:46:07]} 13.a3 {[%clk 0:33:37]} 13...Nd4 {[%clk 0:40:31]}
14.Bb2 {[%clk 0:32:48]} 14...Rd8 {[%clk 0:34:04]} 15.Nxd4 {[%clk 0:24:45]}
15...Bxd4 {[%clk 0:29:03]} 16.Bxd4 {[%clk 0:24:10]} 16...Bxe2 {[%clk 0:27:55]}
17.Qxe2 {[%clk 0:24:25]} 17...Qxd4 {[%clk 0:28:21]} 18.Nb3 {[%clk 0:24:21]}
18...Qf4 {[%clk 0:21:17]} 19.Rfd1 {[%clk 0:20:00]} 19...Ke7 {[%clk 0:18:29]}
20.g3 {[%clk 0:15:17]} 20...Qf5 {[%clk 0:15:40]} 21.Qe3 {[%clk 0:11:38]}
21...Ne4 {[%clk 0:09:19]} 22.Nd4 {[%clk 0:07:53]} 22...Qg6 {[%clk 0:07:32]}
23.Nf3 {[%clk 0:07:29]} 23...Nd6 {[%clk 0:02:46]} 24.Ne5 {[%clk 0:04:40]}
24...Qe4 {[%clk 0:02:31]} 25.Qg5+ {[%clk 0:02:45]} 25...Ke8 {[%clk 0:02:46]}
26.c5 {[%clk 0:03:02]} 26...f6 {[%clk 0:02:02]} 27.Qxg7 {[%clk 0:03:25]}
27...Rf8 {[%clk 0:01:58]} 28.cxd6 {[%clk 0:03:44]} 1-0

[Event "Najdorf Memorial"]
[Site "Warsaw POL"]
[Date "2021.07.11"]
[Round "2.27"]
[White "Czopor, Maciej"]
[Black "Perkampus, Laurin"]
[Result "1-0"]
[WhiteElo "2279"]
[BlackElo "1920"]
[EventDate "2021.07.10"]
[PlyCount "93"]
[LiveChessVersion "1.4.8"]

1.d4 {[%clk 1:31:18]} 1...Nf6 {[%clk 1:27:01]} 2.Bf4 {[%clk 1:31:34]} 2...d5
{[%clk 1:25:54]} 3.Nf3 {[%clk 1:31:34]} 3...c5 {[%clk 1:22:24]} 4.e3 {[%clk
1:31:50]} 4...Nc6 {[%clk 1:21:24]} 5.Nbd2 {[%clk 1:32:15]} 5...g6 {[%clk
1:19:18]} 6.c3 {[%clk 1:17:44]} 6...Bg7 {[%clk 1:19:32]} 7.dxc5 {[%clk 1:16:32]}
7...O-O {[%clk 1:16:15]} 8.Bb5 {[%clk 1:10:46]} 8...Nh5 {[%clk 0:38:42]} 9.Bg5
{[%clk 1:10:43]} 9...h6 {[%clk 0:31:12]} 10.Bh4 {[%clk 1:10:58]} 10...g5 {[%clk
0:24:44]} 11.Nd4 {[%clk 1:10:31]} 11...Nf6 {[%clk 0:16:40]} 12.Bg3 {[%clk
1:09:41]} 12...Bd7 {[%clk 0:14:46]} 13.O-O {[%clk 0:40:37]} 13...Nxd4 {[%clk
0:11:11]} 14.Bxd7 {[%clk 0:40:06]} 14...Ne2+ {[%clk 0:10:37]} 15.Qxe2 {[%clk
0:40:31]} 15...Qxd7 {[%clk 0:09:43]} 16.Nb3 {[%clk 0:25:53]} 16...Rac8 {[%clk
0:07:20]} 17.Rfd1 {[%clk 0:25:30]} 17...Rfd8 {[%clk 0:05:50]} 18.Be5 {[%clk
0:20:13]} 18...Ne4 {[%clk 0:05:11]} 19.Bxg7 {[%clk 0:20:37]} 19...Kxg7 {[%clk
0:05:40]} 20.c4 {[%clk 0:20:56]} 20...Qe6 {[%clk 0:01:45]} 21.Nd4 {[%clk
0:15:26]} 21...Qf6 {[%clk 0:02:14]} 22.cxd5 {[%clk 0:14:27]} 22...Rxd5 {[%clk
0:02:20]} 23.Qc2 {[%clk 0:13:24]} 23...Qe5 {[%clk 0:00:47]} 24.b4 {[%clk
0:13:33]} 24...a5 {[%clk 0:00:51]} 25.a3 {[%clk 0:11:47]} 25...Nf6 {[%clk
0:00:39]} 26.g3 {[%clk 0:10:47]} 26...h5 {[%clk 0:00:36]} 27.Nf3 {[%clk
0:06:38]} 27...Qe6 {[%clk 0:01:04]} 28.Rd4 {[%clk 0:05:03]} 28...b6 {[%clk
0:01:04]} 29.Rc4 {[%clk 0:03:40]} 29...bxc5 {[%clk 0:00:52]} 30.e4 {[%clk
0:03:40]} 30...Rd7 {[%clk 0:00:38]} 31.bxc5 {[%clk 0:03:35]} 31...Rdc7 {[%clk
0:00:37]} 32.Re1 {[%clk 0:01:08]} 32...g4 {[%clk 0:00:37]} 33.Nd4 {[%clk
0:01:27]} 33...Qe5 {[%clk 0:00:45]} 34.Nf5+ {[%clk 0:01:24]} 34...Kf8 {[%clk
0:00:59]} 35.c6 {[%clk 0:01:26]} 35...Qb5 {[%clk 0:00:32]} 36.a4 {[%clk
0:01:14]} 36...Qb6 {[%clk 0:00:39]} 37.Rb1 {[%clk 0:00:51]} 37...Qa6 {[%clk
0:01:07]} 38.Rc1 {[%clk 0:00:50]} 38...Qb6 {[%clk 0:01:35]} 39.Qc3 {[%clk
0:00:38]} 39...Rd8 {[%clk 0:00:53]} 40.Nxe7 {[%clk 0:30:49]} 40...Rxe7 {[%clk
0:30:34]} 41.Qxf6 {[%clk 0:31:08]} 41...Re6 {[%clk 0:26:19]} 42.Qh8+ {[%clk
0:30:54]} 42...Ke7 {[%clk 0:26:44]} 43.Qxh5 {[%clk 0:31:16]} 43...Rf6 {[%clk
0:25:23]} 44.Qe5+ {[%clk 0:31:39]} 44...Re6 {[%clk 0:25:46]} 45.Qb5 {[%clk
0:31:53]} 45...Qa7 {[%clk 0:24:21]} 46.c7 {[%clk 0:29:55]} 46...Rd2 {[%clk
0:24:30]} 47.Qg5+ {[%clk 0:30:14]} 1-0

[Event "Najdorf Memorial"]
[Site "Warsaw POL"]
[Date "2021.07.11"]
[Round "2.28"]
[White "Kulpa, Zuzanna"]
[Black "Luberanski, Jakub"]
[Result "0-1"]
[WhiteElo "1962"]
[BlackElo "2274"]
[EventDate "2021.07.10"]
[PlyCount "34"]
[LiveChessVersion "1.4.8"]

1.d4 {[%clk 1:30:58]} 1...Nf6 {[%clk 1:30:54]} 2.c4 {[%clk 1:31:22]} 2...e6
{[%clk 1:31:20]} 3.Nf3 {[%clk 1:31:47]} 3...d5 {[%clk 1:31:47]} 4.Nc3 {[%clk
1:32:10]} 4...dxc4 {[%clk 1:32:13]} 5.e3 {[%clk 1:31:42]} 5...a6 {[%clk
1:32:23]} 6.a4 {[%clk 1:31:52]} 6...c5 {[%clk 1:32:23]} 7.Bxc4 {[%clk 1:32:11]}
7...Nc6 {[%clk 1:32:37]} 8.O-O {[%clk 1:31:48]} 8...Be7 {[%clk 1:32:40]} 9.dxc5
O-O {[%clk 1:32:30]} 10.Qe2 {[%clk 1:27:03]} 10...Qc7 {[%clk 1:31:09]} 11.e4
{[%clk 1:26:35]} 11...Ng4 {[%clk 1:30:22]} 12.h3 {[%clk 1:21:09]} 12...Nd4
{[%clk 1:29:45]} 13.hxg4 {[%clk 1:19:19]} 13...Nxe2+ {[%clk 1:30:10]} 14.Bxe2
{[%clk 1:19:46]} 14...Bxc5 {[%clk 1:30:11]} 15.Bg5 {[%clk 1:19:49]} 15...h6
{[%clk 1:30:11]} 16.Bh4 {[%clk 1:20:04]} 16...g5 {[%clk 1:29:07]} 17.Bg3 {[%clk
1:20:18]} 17...Qxg3 {[%clk 1:29:19]} 0-1

[Event "Najdorf Memorial"]
[Site "Warsaw POL"]
[Date "2021.07.11"]
[Round "2.29"]
[White "Malicka, Maria"]
[Black "Podgorski, Maciej"]
[Result "1-0"]
[WhiteElo "2272"]
[BlackElo "1908"]
[EventDate "2021.07.10"]
[PlyCount "97"]
[LiveChessVersion "1.4.8"]

1.e4 {[%clk 1:30:58]} 1...c5 {[%clk 1:29:51]} 2.Nf3 {[%clk 1:31:25]} 2...d6
{[%clk 1:30:14]} 3.d4 {[%clk 1:31:53]} 3...cxd4 4.Nxd4 {[%clk 1:32:20]} 4...Nf6
{[%clk 1:31:02]} 5.Nc3 {[%clk 1:32:48]} 5...a6 {[%clk 1:31:27]} 6.Bg5 {[%clk
1:33:14]} 6...e6 {[%clk 1:31:34]} 7.f4 {[%clk 1:33:35]} 7...Qc7 8.Bxf6 {[%clk
1:27:19]} 8...gxf6 {[%clk 1:30:22]} 9.Be2 {[%clk 1:23:15]} 9...b5 {[%clk
1:26:06]} 10.Bf3 {[%clk 1:14:49]} 10...b4 {[%clk 1:17:20]} 11.Nce2 {[%clk
1:14:26]} 11...Bb7 {[%clk 1:15:36]} 12.O-O {[%clk 1:07:54]} 12...Nd7 {[%clk
1:12:59]} 13.a3 {[%clk 1:03:34]} 13...Nc5 {[%clk 1:03:54]} 14.Ng3 {[%clk
1:00:22]} 14...bxa3 {[%clk 0:59:57]} 15.b4 {[%clk 1:00:04]} 15...Na4 {[%clk
0:47:43]} 16.Rxa3 {[%clk 0:58:20]} 16...Nc3 {[%clk 0:47:23]} 17.Qd3 {[%clk
0:53:02]} 17...Rc8 {[%clk 0:47:48]} 18.Nh5 {[%clk 0:51:52]} 18...Be7 {[%clk
0:44:32]} 19.Ng7+ {[%clk 0:46:17]} 19...Kd7 {[%clk 0:44:53]} 20.Bh5 {[%clk
0:28:29]} 20...Bxe4 {[%clk 0:09:17]} 21.Qh3 {[%clk 0:22:46]} 21...Qb6 {[%clk
0:06:17]} 22.Bxf7 {[%clk 0:21:58]} 22...Qxd4+ {[%clk 0:06:34]} 23.Kh1 {[%clk
0:22:27]} 23...Nd1 {[%clk 0:03:08]} 24.Qxe6+ {[%clk 0:16:09]} 24...Kd8 {[%clk
0:03:31]} 25.Qg4 {[%clk 0:16:15]} 25...f5 {[%clk 0:00:38]} 26.Ne6+ {[%clk
0:11:52]} 26...Kd7 {[%clk 0:01:05]} 27.Nxd4 {[%clk 0:10:20]} 27...fxg4 {[%clk
0:01:31]} 28.Be6+ {[%clk 0:10:38]} 28...Kd8 {[%clk 0:01:06]} 29.Bxc8 {[%clk
0:10:04]} 29...Kxc8 {[%clk 0:01:32]} 30.Rxd1 {[%clk 0:10:31]} 30...Kb7 {[%clk
0:01:21]} 31.Kg1 {[%clk 0:06:50]} 31...d5 {[%clk 0:01:33]} 32.c3 {[%clk
0:07:03]} 32...h5 {[%clk 0:01:01]} 33.Rda1 {[%clk 0:05:23]} 33...Rh6 {[%clk
0:00:39]} 34.Kf2 {[%clk 0:05:26]} 34...h4 {[%clk 0:00:47]} 35.R1a2 {[%clk
0:03:33]} 35...Rg6 {[%clk 0:00:34]} 36.Ke3 {[%clk 0:02:34]} 36...g3 {[%clk
0:00:42]} 37.h3 {[%clk 0:02:44]} 37...Rf6 {[%clk 0:00:48]} 38.Nf3 {[%clk
0:01:44]} 38...Re6 {[%clk 0:00:33]} 39.Ne5 {[%clk 0:01:29]} 39...Bf6 {[%clk
0:00:33]} 40.Kd4 {[%clk 0:31:39]} 40...Be7 {[%clk 0:30:32]} 41.Nd7 {[%clk
0:28:04]} 41...Bg6 {[%clk 0:25:57]} 42.Nc5+ {[%clk 0:24:41]} 42...Bxc5+ {[%clk
0:26:21]} 43.Kxc5 {[%clk 0:23:51]} 43...Bd3 {[%clk 0:26:21]} 44.Kxd5 {[%clk
0:23:51]} 44...Rf6 {[%clk 0:26:21]} 45.Ke5 {[%clk 0:18:33]} 45...Rf5+ {[%clk
0:23:22]} 46.Kd4 {[%clk 0:18:59]} 46...Bb1 {[%clk 0:23:39]} 47.Rb2 {[%clk
0:15:38]} 47...Rxf4+ {[%clk 0:23:49]} 48.Ke3 {[%clk 0:16:04]} 48...Rf1 {[%clk
0:23:23]} 49.Ra1 {[%clk 0:16:13]} 1-0

[Event "Najdorf Memorial"]
[Site "Warsaw POL"]
[Date "2021.07.11"]
[Round "2.30"]
[White "Krupa, Bartlomiej"]
[Black "Zochowski, Kacper"]
[Result "0-1"]
[WhiteElo "1909"]
[BlackElo "2262"]
[EventDate "2021.07.10"]
[PlyCount "82"]
[LiveChessVersion "1.4.8"]

1.e4 e6 {[%clk 1:20:22]} 2.d4 {[%clk 1:31:20]} 2...d5 {[%clk 1:20:44]} 3.Nc3
{[%clk 1:31:33]} 3...Bb4 {[%clk 1:21:00]} 4.a3 {[%clk 1:31:39]} 4...b6 {[%clk
1:21:15]} 5.e5 Bf8 6.Nf3 {[%clk 1:23:12]} 6...Ba6 {[%clk 1:12:16]} 7.Bxa6
{[%clk 1:23:06]} 7...Nxa6 {[%clk 1:12:41]} 8.Qd3 {[%clk 1:22:08]} 8...Nb8
{[%clk 1:11:54]} 9.Ne2 {[%clk 1:22:06]} 9...Qd7 {[%clk 1:07:26]} 10.O-O {[%clk
1:17:08]} 10...Ne7 {[%clk 1:06:02]} 11.b3 {[%clk 1:13:21]} 11...Nbc6 {[%clk
0:52:51]} 12.c4 dxc4 {[%clk 0:36:13]} 13.bxc4 {[%clk 1:03:45]} 13...O-O-O
{[%clk 0:34:20]} 14.Bb2 {[%clk 0:58:26]} 14...Ng6 {[%clk 0:21:08]} 15.Qe4
{[%clk 0:54:48]} 15...f6 {[%clk 0:18:06]} 16.h4 {[%clk 0:52:46]} 16...fxe5
{[%clk 0:14:56]} 17.h5 {[%clk 0:52:42]} 17...Nge7 {[%clk 0:13:56]} 18.Nxe5
{[%clk 0:52:52]} 18...Qe8 {[%clk 0:13:52]} 19.Nf4 {[%clk 0:52:18]} 19...Nxe5
{[%clk 0:13:19]} 20.dxe5 {[%clk 0:52:02]} 20...Nc6 {[%clk 0:12:57]} 21.Rfd1
{[%clk 0:49:43]} 21...Rxd1+ {[%clk 0:12:26]} 22.Rxd1 {[%clk 0:50:06]} 22...Bc5
{[%clk 0:12:08]} 23.Nd3 {[%clk 0:48:36]} 23...Qxh5 {[%clk 0:10:08]} 24.Rd2
{[%clk 0:46:46]} 24...Nb8 {[%clk 0:06:49]} 25.Nxc5 {[%clk 0:43:44]} 25...bxc5
{[%clk 0:07:18]} 26.Qa8 {[%clk 0:42:17]} 26...Qg5 {[%clk 0:06:03]} 27.Bc3
{[%clk 0:42:39]} 27...Rd8 {[%clk 0:04:58]} 28.Rxd8+ {[%clk 0:41:56]} 28...Qxd8
{[%clk 0:05:26]} 29.Qxa7 {[%clk 0:40:53]} 29...Qd1+ {[%clk 0:05:04]} 30.Kh2
{[%clk 0:41:13]} 30...Qc1 {[%clk 0:03:50]} 31.Ba5 {[%clk 0:41:05]} 31...Qf4+
{[%clk 0:04:11]} 32.Kg1 {[%clk 0:37:20]} 32...Qc1+ {[%clk 0:04:35]} 33.Kh2
{[%clk 0:37:41]} 33...Qf4+ {[%clk 0:05:04]} 34.Kg1 {[%clk 0:38:01]} 34...Qxe5
{[%clk 0:05:25]} 35.g3 {[%clk 0:34:50]} 35...Qd6 {[%clk 0:04:55]} 36.Bc3 {[%clk
0:33:21]} 36...g6 {[%clk 0:04:23]} 37.f4 {[%clk 0:32:58]} 37...Qd1+ {[%clk
0:04:44]} 38.Kg2 {[%clk 0:32:08]} 38...Qc2+ {[%clk 0:05:09]} 39.Kh3 {[%clk
0:32:32]} 39...Qxc3 {[%clk 0:05:28]} 40.Qxc5 {[%clk 1:02:56]} 40...Qf6 {[%clk
0:35:22]} 41.Qe3 {[%clk 1:01:58]} 41...Nc6 {[%clk 0:33:32]} 0-1

[Event "Najdorf Memorial"]
[Site "Warsaw POL"]
[Date "2021.07.11"]
[Round "2.31"]
[White "Mickiewicz, Piotr"]
[Black "Kaminski, Maciej"]
[Result "1/2-1/2"]
[WhiteElo "2247"]
[BlackElo "1845"]
[EventDate "2021.07.10"]
[PlyCount "141"]
[LiveChessVersion "1.4.8"]

1.Nf3 {[%clk 1:29:03]} 1...Nf6 {[%clk 1:30:47]} 2.b3 {[%clk 1:28:30]} 2...g6
{[%clk 1:30:21]} 3.Bb2 {[%clk 1:28:51]} 3...Bg7 {[%clk 1:30:31]} 4.c4 {[%clk
1:29:06]} 4...O-O 5.e3 {[%clk 1:28:23]} 5...d6 {[%clk 1:28:24]} 6.Be2 {[%clk
1:28:35]} 6...e5 {[%clk 1:27:19]} 7.d4 {[%clk 1:23:46]} 7...Re8 {[%clk 1:22:27]}
8.Nc3 {[%clk 1:20:22]} 8...Nbd7 {[%clk 1:14:15]} 9.Qc2 {[%clk 1:17:31]} 9...c6
{[%clk 1:03:54]} 10.O-O {[%clk 1:02:29]} 10...Qc7 {[%clk 0:57:32]} 11.Rfd1
{[%clk 0:54:30]} 11...a6 {[%clk 0:52:43]} 12.Rac1 {[%clk 0:30:35]} 12...exd4
{[%clk 0:24:40]} 13.Nxd4 {[%clk 0:31:00]} 13...Nc5 {[%clk 0:24:08]} 14.b4
{[%clk 0:25:37]} 14...Ne6 {[%clk 0:23:43]} 15.Nf3 {[%clk 0:23:30]} 15...Rd8
{[%clk 0:19:51]} 16.Qb3 {[%clk 0:12:37]} 16...Qe7 {[%clk 0:16:15]} 17.Na4
{[%clk 0:13:01]} 17...Nd7 {[%clk 0:12:02]} 18.Rc2 {[%clk 0:09:29]} 18...b5
{[%clk 0:10:52]} 19.Nc3 {[%clk 0:09:41]} 19...Bb7 {[%clk 0:06:56]} 20.Rcd2
{[%clk 0:09:17]} 20...Nb6 {[%clk 0:04:16]} 21.a4 {[%clk 0:06:34]} 21...Nxc4
{[%clk 0:02:39]} 22.Bxc4 {[%clk 0:07:01]} 22...bxc4 {[%clk 0:03:04]} 23.Qxc4
{[%clk 0:07:27]} 23...d5 {[%clk 0:03:26]} 24.Qb3 {[%clk 0:07:38]} 24...Rab8
{[%clk 0:03:18]} 25.Ne2 {[%clk 0:04:55]} 25...Ba8 {[%clk 0:02:35]} 26.Bxg7
{[%clk 0:05:01]} 26...Nxg7 {[%clk 0:02:26]} 27.Rb2 {[%clk 0:03:59]} 27...c5
{[%clk 0:01:53]} 28.b5 {[%clk 0:04:24]} 28...axb5 {[%clk 0:02:10]} 29.axb5
{[%clk 0:04:52]} 29...Nf5 {[%clk 0:01:16]} 30.Qc3 {[%clk 0:02:37]} 30...d4
{[%clk 0:01:04]} 31.exd4 {[%clk 0:02:45]} 31...Bxf3 {[%clk 0:01:11]} 32.Qxf3
{[%clk 0:02:15]} 32...Nxd4 {[%clk 0:01:08]} 33.Nxd4 {[%clk 0:02:34]} 33...Rxd4
{[%clk 0:01:04]} 34.g3 {[%clk 0:00:51]} 34...Qb7 {[%clk 0:00:50]} 35.Qe2 {[%clk
0:00:43]} 35...Qd5 {[%clk 0:00:38]} 36.Re1 {[%clk 0:00:35]} 36...c4 {[%clk
0:00:42]} 37.b6 {[%clk 0:00:48]} 37...c3 {[%clk 0:00:52]} 38.Rb5 {[%clk
0:01:17]} 38...Qc6 {[%clk 0:00:58]} 39.Qe5 {[%clk 0:01:00]} 39...Rdd8 {[%clk
0:00:36]} 40.Rc5 {[%clk 0:30:34]} 40...Qxb6 {[%clk 0:30:40]} 41.Rxc3 {[%clk
0:27:01]} 41...Qd4 {[%clk 0:27:46]} 42.Rc7 {[%clk 0:23:58]} 42...Qxe5 {[%clk
0:27:06]} 43.Rxe5 {[%clk 0:24:26]} 43...Rbc8 {[%clk 0:27:26]} 44.Rce7 {[%clk
0:22:03]} 44...Rc1+ {[%clk 0:25:30]} 45.Kg2 {[%clk 0:22:25]} 45...Rc2 {[%clk
0:25:54]} 46.Re3 {[%clk 0:22:16]} 46...Kf8 {[%clk 0:25:18]} 47.g4 {[%clk
0:19:00]} 47...Rdd2 {[%clk 0:24:15]} 48.Re8+ {[%clk 0:19:23]} 48...Kg7 {[%clk
0:24:38]} 49.Rf3 {[%clk 0:19:48]} 49...Re2 {[%clk 0:24:58]} 50.Rxe2 {[%clk
0:16:23]} 50...Rxe2 {[%clk 0:25:19]} 51.Ra3 {[%clk 0:16:42]} 51...h6 {[%clk
0:24:19]} 52.h4 {[%clk 0:16:35]} 52...Re5 {[%clk 0:23:40]} 53.Kg3 {[%clk
0:13:37]} 53...h5 {[%clk 0:23:07]} 54.f3 {[%clk 0:10:57]} 54...Rb5 {[%clk
0:23:04]} 55.g5 {[%clk 0:08:55]} 55...Rb4 {[%clk 0:23:05]} 56.Ra6 {[%clk
0:09:16]} 56...Rb5 {[%clk 0:22:50]} 57.Rf6 {[%clk 0:09:40]} 57...Ra5 {[%clk
0:23:03]} 58.Rd6 {[%clk 0:09:53]} 58...Rb5 {[%clk 0:22:31]} 59.Rd4 {[%clk
0:10:12]} 59...Rf5 {[%clk 0:22:18]} 60.Rc4 {[%clk 0:09:41]} 60...Ra5 {[%clk
0:22:17]} 61.Kf4 {[%clk 0:09:38]} 61...Rf5+ {[%clk 0:21:08]} 62.Ke4 {[%clk
0:10:06]} 62...Rb5 {[%clk 0:20:29]} 63.Rd4 {[%clk 0:10:19]} 63...Kf8 {[%clk
0:20:17]} 64.Rd5 {[%clk 0:07:15]} 64...Rb4+ {[%clk 0:19:41]} 65.Rd4 {[%clk
0:07:44]} 65...Rb5 {[%clk 0:19:52]} 66.Rc4 {[%clk 0:06:50]} 66...Ra5 {[%clk
0:19:36]} 67.Rc8+ {[%clk 0:07:05]} 67...Ke7 {[%clk 0:19:55]} 68.Rc7+ {[%clk
0:05:35]} 68...Ke6 {[%clk 0:20:11]} 69.Rc6+ {[%clk 0:05:46]} 69...Kd7 {[%clk
0:20:31]} 70.Rc4 {[%clk 0:06:12]} 70...Ke6 {[%clk 0:20:39]} 71.Rc6+ {[%clk
0:06:05]} 1/2-1/2

[Event "Najdorf Memorial"]
[Site "Warsaw POL"]
[Date "2021.07.12"]
[Round "3.1"]
[White "Donchenko, Alexander"]
[Black "Lukasiewicz, Krzysztof"]
[Result "1-0"]
[WhiteElo "2652"]
[BlackElo "2359"]
[EventDate "2021.07.10"]
[PlyCount "67"]
[LiveChessVersion "1.4.8"]

1.e4 {[%clk 1:30:57]} 1...c6 {[%clk 1:27:13]} 2.d4 {[%clk 1:31:16]} 2...d5
{[%clk 1:27:39]} 3.e5 {[%clk 1:31:33]} 3...Bf5 {[%clk 1:28:04]} 4.h4 {[%clk
1:31:46]} 4...h5 {[%clk 1:28:25]} 5.c4 {[%clk 1:32:05]} 5...e6 {[%clk 1:28:51]}
6.Nc3 {[%clk 1:32:25]} 6...Ne7 {[%clk 1:29:17]} 7.Nge2 {[%clk 1:32:13]} 7...Nd7
{[%clk 1:26:20]} 8.Ng3 {[%clk 1:32:12]} 8...Bg6 {[%clk 1:23:26]} 9.Bg5 {[%clk
1:32:11]} 9...Qa5 {[%clk 1:15:38]} 10.a3 {[%clk 1:16:33]} 10...c5 {[%clk
0:59:19]} 11.b4 {[%clk 0:55:36]} 11...cxb4 {[%clk 0:56:56]} 12.axb4 {[%clk
0:53:06]} 12...Qxb4 {[%clk 0:57:02]} 13.Bd2 {[%clk 0:53:19]} 13...Qb6 {[%clk
0:45:40]} 14.c5 {[%clk 0:49:31]} 14...Qd8 {[%clk 0:42:50]} 15.Bg5 {[%clk
0:41:10]} 15...f6 {[%clk 0:39:28]} 16.Nb5 {[%clk 0:40:20]} 16...Nc6 {[%clk
0:29:09]} 17.Bd3 {[%clk 0:40:16]} 17...Bf7 {[%clk 0:27:47]} 18.exf6 {[%clk
0:39:07]} 18...gxf6 {[%clk 0:28:12]} 19.Bf4 {[%clk 0:37:44]} 19...e5 {[%clk
0:26:46]} 20.Nf5 {[%clk 0:28:31]} 20...Nxc5 {[%clk 0:26:42]} 21.dxc5 {[%clk
0:28:04]} 21...Bxc5 {[%clk 0:27:08]} 22.Be3 {[%clk 0:23:20]} 22...Bb4+ {[%clk
0:26:23]} 23.Bd2 {[%clk 0:23:17]} 23...Bf8 {[%clk 0:26:39]} 24.Qe2 {[%clk
0:20:46]} 24...a6 {[%clk 0:26:29]} 25.Nbd4 {[%clk 0:20:47]} 25...Nb4 {[%clk
0:24:35]} 26.Ng7+ {[%clk 0:14:24]} 26...Bxg7 {[%clk 0:23:03]} 27.Bxb4 {[%clk
0:14:52]} 27...Qb6 {[%clk 0:20:09]} 28.Bb5+ {[%clk 0:11:12]} 28...axb5 {[%clk
0:18:12]} 29.Rxa8+ {[%clk 0:11:36]} 29...Kd7 {[%clk 0:18:39]} 30.Rxh8 {[%clk
0:11:56]} 30...Qxd4 {[%clk 0:19:04]} 31.Qxb5+ {[%clk 0:12:16]} 31...Ke6 {[%clk
0:18:28]} 32.Re8+ {[%clk 0:11:14]} 32...Kf5 {[%clk 0:18:54]} 33.Qd7+ {[%clk
0:10:46]} 33...Ke4 {[%clk 0:15:40]} 34.O-O {[%clk 0:10:21]} 1-0

[Event "Najdorf Memorial"]
[Site "Warsaw POL"]
[Date "2021.07.12"]
[Round "3.2"]
[White "Nowak, Mikolaj"]
[Black "Tomczak, Jacek"]
[Result "1-0"]
[WhiteElo "2310"]
[BlackElo "2603"]
[EventDate "2021.07.10"]
[PlyCount "99"]
[LiveChessVersion "1.4.8"]

1.d4 {[%clk 1:30:56]} 1...Nf6 {[%clk 1:30:28]} 2.Nf3 {[%clk 1:31:17]} 2...g6
{[%clk 1:29:55]} 3.c4 {[%clk 1:31:38]} 3...Bg7 {[%clk 1:30:05]} 4.e3 {[%clk
1:31:59]} 4...O-O {[%clk 1:29:54]} 5.Be2 {[%clk 1:32:23]} 5...d6 {[%clk
1:28:51]} 6.Nc3 {[%clk 1:32:44]} 6...Nbd7 {[%clk 1:28:36]} 7.O-O {[%clk
1:33:02]} 7...e5 {[%clk 1:27:23]} 8.Qc2 {[%clk 1:33:23]} 8...Qe7 {[%clk
1:23:28]} 9.Rd1 {[%clk 1:33:39]} 9...e4 {[%clk 1:21:58]} 10.Nd2 {[%clk 1:34:03]}
10...Re8 {[%clk 1:22:22]} 11.b4 {[%clk 1:34:23]} 11...h5 {[%clk 1:20:06]} 12.a4
{[%clk 1:34:46]} 12...Nf8 {[%clk 1:19:00]} 13.a5 {[%clk 1:35:12]} 13...a6
{[%clk 1:14:01]} 14.b5 {[%clk 1:35:35]} 14...N8h7 {[%clk 1:09:35]} 15.Ba3
{[%clk 1:35:59]} 15...c6 {[%clk 0:31:05]} 16.bxc6 {[%clk 1:36:15]} 16...bxc6
{[%clk 0:31:30]} 17.Rab1 {[%clk 1:35:28]} 17...Ra7 {[%clk 0:12:27]} 18.Rb6
{[%clk 1:28:22]} 18...Bd7 {[%clk 0:11:15]} 19.Rdb1 {[%clk 1:25:53]} 19...Bh6
{[%clk 0:08:34]} 20.Rb7 {[%clk 1:18:54]} 20...Rxb7 {[%clk 0:08:37]} 21.Rxb7
{[%clk 1:19:11]} 21...Qd8 {[%clk 0:03:22]} 22.Bxd6 {[%clk 1:06:46]} 22...Bc8
{[%clk 0:03:09]} 23.Bc7 {[%clk 1:06:45]} 23...Qe7 {[%clk 0:03:21]} 24.Ra7
{[%clk 1:06:24]} 24...Ng5 {[%clk 0:01:45]} 25.c5 {[%clk 0:52:15]} 25...Bf5
{[%clk 0:01:21]} 26.Bb8 {[%clk 0:50:01]} 26...Qd8 {[%clk 0:01:29]} 27.Bd6
{[%clk 0:46:17]} 27...Ng4 {[%clk 0:01:04]} 28.Qc1 {[%clk 0:26:46]} 28...Nf3+
{[%clk 0:00:39]} 29.gxf3 {[%clk 0:21:58]} 29...exf3 {[%clk 0:01:07]} 30.Nxf3
{[%clk 0:20:43]} 30...Rxe3 {[%clk 0:00:35]} 31.Qb2 {[%clk 0:13:20]} 31...Qe8
{[%clk 0:00:57]} 32.Be5 {[%clk 0:07:53]} 32...Nxe5 {[%clk 0:00:44]} 33.dxe5
{[%clk 0:07:25]} 33...Rxf3 {[%clk 0:00:35]} 34.Bxf3 {[%clk 0:07:27]} 34...Qxe5
{[%clk 0:01:02]} 35.Qe2 {[%clk 0:05:36]} 35...Qxc3 {[%clk 0:01:00]} 36.Qe8+
{[%clk 0:05:54]} 36...Kh7 {[%clk 0:01:28]} 37.Qxf7+ {[%clk 0:06:07]} 37...Bg7
{[%clk 0:01:55]} 38.Qxg7+ {[%clk 0:06:15]} 38...Qxg7 {[%clk 0:02:21]} 39.Rxg7+
{[%clk 0:06:37]} 39...Kxg7 {[%clk 0:02:48]} 40.Bxc6 {[%clk 0:36:52]} 40...Kf6
{[%clk 0:32:55]} 41.f4 {[%clk 0:35:03]} 41...g5 {[%clk 0:29:15]} 42.fxg5+
{[%clk 0:35:06]} 42...Kxg5 {[%clk 0:29:19]} 43.Kf2 {[%clk 0:25:52]} 43...Kf4
{[%clk 0:28:07]} 44.h4 {[%clk 0:21:34]} 44...Ke5 {[%clk 0:18:57]} 45.Ke3 {[%clk
0:20:49]} 45...Be6 {[%clk 0:18:54]} 46.Bf3 {[%clk 0:19:52]} 46...Bf7 {[%clk
0:18:54]} 47.Kd3 {[%clk 0:16:09]} 47...Be8 {[%clk 0:18:24]} 48.Kc4 {[%clk
0:15:31]} 48...Bb5+ {[%clk 0:18:02]} 49.Kb4 {[%clk 0:15:52]} 49...Be8 {[%clk
0:18:06]} 50.Be2 {[%clk 0:16:08]} 1-0